000 00689nas a2200241 4500
001 BR8005056
003 BR-BrBNA
005 20231205084401.0
007 ta
008 230509b bl.|||p| |||| 00| 00por d
040 _aBR-BrBNA
_bpor
_cBiblioteca Nacional de Agricultura
041 _a(Pt)
072 _aS10
100 1 _aSpoladore, D.S.
100 1 _aTeixeira, J.P.F.
245 1 _aNovo procedimento para avaliacao do teor da cafeina em graos de cafe
650 _aCAFE TRATADO
650 _aGRAO
650 _aCAFEINA
773 0 _tBragantia (Brazil)
_xISSN 0006-8705
_g(1980), v. 39 p. 233-236
_wBR8005056
909 _a202311
_bLúcia
_c55
_dLúcia Elande
942 _2AGRIS
_n0
_cANA
999 _c104860
_d104860